Регионална библиотека "Любен Каравелов" - Русе

Мост към планетите (Запис номер 171721)

MARC детайли
000 -Лидер
Контролно поле с фиксирана дължина nam a22 a 4500
003 - Код на организацията, давaща контролен номер
Контролно поле BLK
005 - Дата и час на последна редакция
Контролно поле 20211116103039.0
008 - Елементи от данни с фиксирана дължина
fixed length control field 180411b bul|||||r ||||||| ||bul||
010 ## - Наследен системен номер
LC control number KNG00180005000
040 ## - Източник на каталожния запис
Идентификатор на билиотеката - собственик на записа BLK
041 ## - Код за език
Код за езика на текст/звукозапис или на отделно заглавие Български
Код за езика КДБФ Български
080 ## - УДК
Текстов определител УДК Техника на транспортните средства
УДК код - определител по УДК 629
УДК - код + определител 629
100 1# - Редна дума - Автор
Автор Пенев, Тотю Ив.
Авторска отговорност първи автор
R(LIN) 339037
139 ## - Редно поле
Редна дума Пенев, Тотю Ив.
Авторски знак Пен - П 34
245 10 - Сведения за заглавието
Заглавие Мост към планетите
Редно поле (дума) Тотю Ив. Пенев.
257 ## - Страна на издаване
Страна на създаване/издаване България
260 ## - Област на издателските данни
Име на издателя, разпространителя и проч. Нар. младеж
Година на издаване 1959
Място на издаване, разпространение и проч. София
300 ## - Физическа характеристика
Страници 120 с.
Илюстрации и др. с ил.
Размери/Мащаб 22 см
380 ## - Жанр
Жанр Техника
500 ## - Общи забележки
Забележка 5 100 тир.
650 #4 - Допълнително описание по предмет – тема
Основно описание – тема или топоним Авиация - история
9 (RLIN) 277714
650 #4 - Допълнително описание по предмет – тема
Основно описание – тема или топоним Космически летателни апарати
9 (RLIN) 278658
650 #4 - Допълнително описание по предмет – тема
Основно описание – тема или топоним Изкуствени спътници на Земята
9 (RLIN) 284674
653 ## - Ключова дума – ненормативна
Ключова дума авиация
653 ## - Ключова дума – ненормативна
Ключова дума планети
653 ## - Ключова дума – ненормативна
Ключова дума Космос
852 ## - Местоположение
Форматна сигнатура Цб 14912
999 ## - СИСТЕМНИ КОНТРОЛНИ НОМЕРА
Koha biblionumber 171721
Koha biblioitemnumber 171721
942 ## - АРТИКУЛИ
Вид на библиотечния материал Книги
Скрит в OPAC Не
Периодичен библиозапис Да
944 ## - СЪЗДАВАНЕ И РЕДАКЦИЯ на ЗАПИСА
Създаване/Редакция Създаване
Дата на регистрацията/редакция 18.08.2015
Служител, извършил регистрацията/редакцията Кина_Георгиева
944 ## - СЪЗДАВАНЕ И РЕДАКЦИЯ на ЗАПИСА
Създаване/Редакция Редакция
Дата на регистрацията/редакция 18.08.2015
Служител, извършил регистрацията/редакцията Кина_Георгиева
944 ## - СЪЗДАВАНЕ И РЕДАКЦИЯ на ЗАПИСА
Създаване/Редакция Редакция
Дата на регистрацията/редакция 2021-11-16
Служител, извършил регистрацията/редакцията ВК
999 ## - СИСТЕМНИ КОНТРОЛНИ НОМЕРА
Koha biblioitemnumber 171721
Наличности
Код за отписване Код за изгубен артикул Източник на класификационната схема Код за повреда Коз за рестрикции Код за отдаване Артикулен № Име на библиотеката - собственик Име на библиотеката, в която се намира в момента Статус (Текущо местоположение) Дата на вписване в системата Местоположение - отдел Цена в лева Инвентарен номер Систематично азбучна сигнатура Баркод Номер на екземпляра Цена в евро Служебна бележка Служебен тип на артикула
  Не е изгубен Universal Decimal Classification Не е повреден само за читалня ползва се в читалня 292067 Регионална библиотека "Любен Каравелов" Русе Регионална библиотека "Любен Каравелов" Русе Хранилище 1959-01-01 Основен фонд - ползва се само за читалня 0.40 9191/59 Цб 14912 900000083803 1 0.20 N: стар фонд Дата: 01.01.1959 Книги
Изтеглен Не е изгубен Universal Decimal Classification Не е повреден без рестрикции заемане за дома 292068 Регионална библиотека "Любен Каравелов" Русе Регионална библиотека "Любен Каравелов" Русе Заемна - подръчен фонд 1959-01-01 Заемна - подръчен фонд 0.00 9559/59 П 629/П 34 9559/59 2 0.00 N: стар фонд Дата: 01.01.1959 Книги
Изтеглен Не е изгубен Universal Decimal Classification Не е повреден без рестрикции заемане за дома 292069 Регионална библиотека "Любен Каравелов" Русе Регионална библиотека "Любен Каравелов" Русе Заемна - подръчен фонд 1959-01-01 Заемна - подръчен фонд 0.00 9187/59 П 629/П 34 9187/59 3 0.00 N: стар фонд Дата: 01.01.1959 Книги
Изтеглен Не е изгубен Universal Decimal Classification Не е повреден без рестрикции заемане за дома 292070 Регионална библиотека "Любен Каравелов" Русе Регионална библиотека "Любен Каравелов" Русе Заемна - подръчен фонд 1959-01-01 Заемна - подръчен фонд 0.00 9186/59 П 629/П 34 9186/59 4 0.00 N: стар фонд Дата: 01.01.1959 Книги
Изтеглен Не е изгубен Universal Decimal Classification Не е повреден без рестрикции заемане за дома 292071 Регионална библиотека "Любен Каравелов" Русе Регионална библиотека "Любен Каравелов" Русе Заемна - подръчен фонд 1959-01-01 Заемна - подръчен фонд 0.00 9185/59 П 629/П 34 9185/59 5 0.00 N: стар фонд Дата: 01.01.1959 Книги
Изтеглен Не е изгубен Universal Decimal Classification Не е повреден без рестрикции заемане за дома 292072 Регионална библиотека "Любен Каравелов" Русе Регионална библиотека "Любен Каравелов" Русе Заемна - подръчен фонд 1959-01-01 Заемна - подръчен фонд 0.00 9184/59 П 629/П 34 9184/59 6 0.00 N: стар фонд Дата: 01.01.1959 Книги
Изтеглен Не е изгубен Universal Decimal Classification Не е повреден без рестрикции заемане за дома 292073 Регионална библиотека "Любен Каравелов" Русе Регионална библиотека "Любен Каравелов" Русе Заемна - подръчен фонд 1959-01-01 Заемна - подръчен фонд 0.00 9183/59 П 629/П 34 9183/59 7 0.00 N: стар фонд Дата: 01.01.1959 Книги
Vip Innovations Ltd, Rousse, Bulgaria 2025